| 000 | 00000nam 2200000za 4500 |
| 001 | 9.846793 |
| 003 | CaOODSP |
| 005 | 20221107153305 |
| 007 | cr ||||||||||| |
| 008 | 171108s1987 onc |o f|0| 0 eng d |
| 040 | |aCaOODSP|beng |
| 043 | |an-cn--- |
| 086 | 1 |aCS11-0019/10E-PDF |
| 100 | 1 |aNiosi, Jorge. |
| 245 | 14|aThe rise of the conglomerate economy |h[electronic resource] / |cby Jorge Niosi. |
| 260 | |a[Ottawa] : |bStatistics Canada, |c1987. |
| 300 | |a18 p. |
| 490 | 0 |aResearch paper series ; |vno. 10 |
| 500 | |aIssued also in French under title: La montée des conglomérats. |
| 500 | |aDigitized edition from print [produced by Statistics Canada]. |
| 504 | |aIncludes bibliographic references. |
| 520 | |a"The paper estimates several characteristics of the largest Canadian conglomerates from 1969 to 1984. Conglomerates are diversified enterprises. For an enterprise to be considered diversified, more than 30% of its sales must be in a different line of business from its main activity."--Abstract. |
| 692 | 07|2gccst|aConglomerates |
| 710 | 2 |aStatistics Canada. |bAnalytical Studies Branch. |
| 775 | 08|tLa montée des conglomérats |w(CaOODSP)9.846795 |
| 830 | #0|aResearch paper series (Statistics Canada. Analytical Studies Branch)|vno. 10|w(CaOODSP)9.504421 |
| 856 | 40|qPDF|s5.63 MB|uhttps://publications.gc.ca/collections/collection_2017/statcan/11f0019m/CS11-0019-10-eng.pdf |